Ekonomika Tádžikistánu v kontextu problematiky pašování drog

Stručná geograficko-hospodárska charakteristika Tadžikistánu. Hospodársky vývoj a zahraničná politika. Pašovanie drog a použité metódy boja proti obchodovaniu s drogami.

Na minha lista:
Detalhes bibliográficos
Autor principal: Kavánková, Hana
Formato: Capítulo de Livro
Idioma:tcheco
Assuntos:
Tags: Adicionar Tag
Sem tags, seja o primeiro a adicionar uma tag!

MARC

LEADER 00000naa$a2200000$$$4500
001 0113292
005 20231116105100.7
041 0 |a cze 
044 |a CZ 
245 1 0 |a Ekonomika Tádžikistánu v kontextu problematiky pašování drog  |c Hana Kavánková 
520 |a Stručná geograficko-hospodárska charakteristika Tadžikistánu. Hospodársky vývoj a zahraničná politika. Pašovanie drog a použité metódy boja proti obchodovaniu s drogami. 
610 2 0 |a Tadžikistan 
610 2 0 |a drogy 
610 2 0 |a situácia hospodárska 
610 2 0 |a politika zahraničná 
100 1 |a Kavánková, Hana